| 000 | 00626nam a2200193Ia 4500 | ||
|---|---|---|---|
| 001 | 15358 | ||
| 003 | GE_BSU | ||
| 008 | 181216s||||||||xx |||||||||||||| ||und|| | ||
| 040 | _cGE_BSU | ||
| 080 | _a821.353.1-1 | ||
| 245 | _aყვავილთ ქება | ||
| 245 | _cშეადგ.მედეა ოყრეშიძემ. რედ. მ.ამაშუკელი. მხატვ. ო. ჯიშკარიანი | ||
| 260 | _aთბილისი | ||
| 260 | _bნაკადული | ||
| 260 | _c1967 | ||
| 300 | _a67გვ.20სმ. | ||
| 653 | _aყვავილთ ქება | ||
| 942 | _cBK | ||
| 999 |
_c48464 _d48464 |
||